header

Transformative justice (Record no. 108065)

MARC details
000 -LEADER
fixed length control field 01902nam a22003734a 4500
082 04 - DEWEY DECIMAL CLASSIFICATION NUMBER
Classification number 345.5694/0231
100 1# - MAIN ENTRY--AUTHOR NAME
Personal name Bilsky, Leora,
245 10 - TITLE STATEMENT
Title Transformative justice
260 ## - PUBLICATION, DISTRIBUTION, ETC. (IMPRINT)
Place of publication Ann Arbor :
Name of publisher University of Michigan Press,
Year of publication c2004.
300 ## - PHYSICAL DESCRIPTION
Number of Pages xiii, 378 p.
490 1# - SERIES STATEMENT
Series statement Law, meaning, and violence
505 0# - FORMATTED CONTENTS NOTE
Formatted contents note Performing the past : the role of the political lawyer -- From Faust to Kastner : the judge as storyteller -- The poet's countertrial -- A tale of two narratives -- Reflective judgment and the spectacle of justice -- Social criticism in the shadow of a transformative trial -- Between ordinary politics and transformative politics -- "A Jewish and democratic state" reconsidered.
650 #0 - SUBJECT ADDED ENTRY--TOPICAL TERM
Topical Term Trials (Political crimes and offenses)
Topical Term Justice, Administration of
Topical Term Democracy
856 40 - ELECTRONIC LOCATION AND ACCESS
Uniform Resource Identifier http://site.ebrary.com/lib/rucke/Doc?id=10356836

No items available.

© 2026 Rongo University
Contact us: librarian | system librarian | Rongo university